000
00331nam a2200133 a 4500
005
20140414131922.0
008
101023s19uu xx 00 eng d
050
_a
ER
_b
T55 1991
100
_a
Weiss, Ellen
245
_a
Too many promises.
260
_b
Golden Book,
_c
1991.
_a
New York :
440
_a
Muppet kids
999
_c
111821
_d
111821